World Bank Atlas 1997
Salvato in:
| Natura: | Libro |
|---|---|
| Lingua: | inglese francese spagnolo |
| Pubblicazione: |
Washington
The World Bank
1997
|
| Edizione: | 1. ed. |
| Soggetti: | |
| Tags: |
Nessun Tag, puoi essere il primo ad aggiungerne!!
|
MARC
| LEADER | 00000nam a2200000 4500 | ||
|---|---|---|---|
| 001 | c019752 | ||
| 005 | 20221214072358.6 | ||
| 020 | |a 0-8213-3576-6 | ||
| 041 | 0 | |a eng | |
| 041 | 0 | |a fre | |
| 041 | 0 | |a spa | |
| 044 | |a US | ||
| 245 | 1 | 0 | |a World Bank Atlas 1997 |
| 250 | |a 1. ed. | ||
| 264 | 1 | |a Washington |b The World Bank |c 1997 | |
| 300 | |a 48 s. | ||
| 610 | 2 | 0 | |a banky |
| 610 | 2 | 0 | |a svet |
| 610 | 2 | 0 | |a obyvateľstvo |
| 610 | 2 | 0 | |a prostredie životné |
| 610 | 2 | 0 | |a hospodárstvo národné |
| 610 | 2 | 0 | |a hospodárstvo svetové |
| 610 | 2 | 0 | |a trh |
| 610 | 2 | 0 | |a Svetová banka |